000 00797cam a22002533a 4500
001 1007
003 PGUSA
005 20140828082955.0
008 040802s2004||||xxu|||||s|||||000 p eng d
040 _aPGUSA
_beng
042 _adc
050 4 _aPQ
100 1 _aDante Alighieri,
_d1265-1321
245 1 0 _aDivine Comedy, Cary's Translation, Paradise
_h[electronic resource] /
_cDante Alighieri
260 _bProject Gutenberg,
_c2004
506 _aPublic domain in the USA.
516 _aElectronic text
653 _aItalian poetry -- To 1400 -- Translations into English
653 _aEpic poetry, Italian -- Translations into English
700 1 _aCary, Henry Francis,
_d1772-1844
830 0 _aProject Gutenberg
_v1007
856 4 0 _uhttp://www.gutenberg.org/ebooks/1007
942 _cEB
999 _c230358
_d230358